| 000 | 01443cam a22003977a 4500 | ||
|---|---|---|---|
| 003 | CHAP | ||
| 005 | 20220817043815.0 | ||
| 008 | 010926d2000 mx r 00110 spa d | ||
| 010 | _a84969 | ||
| 011 | _a85941 | ||
| 020 | _a9688132039 | ||
| 035 | _a96479 | ||
| 040 | _cCHAP | ||
| 082 | 0 | 0 |
_a633.710972 _bO2 |
| 100 | 0 | 0 |
_aObregón Martínez, Arturo. _982573 |
| 245 | 1 | 4 |
_aLas obreras tabacaleras de la ciudad de México (1764-1925) _c/por Arturo Obregón Martínez |
| 260 |
_aMéxico, D.F. : _bCentro de Estudios Históricos del Movimiento Obrero Mexicano, _c1982. |
||
| 300 | _a136 p. | ||
| 410 | 0 | 0 | _aCentro de Estudios Históricos del Movimiento Obrero Mexicano |
| 490 | 0 |
_aCuadernos obreros _v; 25 |
|
| 590 |
_aBATCH-UPD _b10 _c20130109 _lUCH01 _h2327 |
||
| 590 |
_aBATCH-UPD _b10 _c20130110 _lUCH01 _h0543 |
||
| 590 |
_aBATCH-UPD _b10 _c20130409 _lUCH01 _h1852 |
||
| 590 |
_aBATCH-UPD _b10 _c20130410 _lUCH01 _h1647 |
||
| 590 |
_aBATCH-UPD _b10 _c20130914 _lUCH01 _h0909 |
||
| 590 |
_aCONVERSION _b10 _c20130109 _lUCH01 _h1347 |
||
| 650 | 1 | 4 |
_aTabaco _xIndustria. _9111223 |
| 650 | 1 | 4 |
_aTabaco _xMéxico. _9111230 |
| 650 | 1 | 4 |
_aTabaco _xTrabajadores. _9111246 |
| 810 | 0 | 0 | _aCentro de Estudios Históricos del Movimiento Obrero Mexicano |
| 830 | 0 |
_aCuadernos obreros _v; 25 _929872 |
|
| 901 | _aBK | ||
| 905 | _aAlejandra Carrasco M. | ||
| 942 | _cLIBRO | ||
| 949 |
_a633.710972 O2 _bBC _cLIBRO _d33724000856449 _eLIBRO _h102006 _i96479 _kDon. _si |
||
| 999 |
_c84969 _d84969 |
||